Hui dao zheng tong (Record no. 34648)
[ view plain ]
| 000 -LEADER | |
|---|---|
| fixed length control field | 00892nam a2200253 4500 |
| 008 - FIXED-LENGTH DATA ELEMENTS--GENERAL INFORMATION | |
| fixed length control field | 101005s2009 ch a 000 0 chi u |
| 020 ## - INTERNATIONAL STANDARD BOOK NUMBER | |
| International Standard Book Number | 9789861980980 :HKD120.00/108.00/Php669.38 |
| 020 ## - INTERNATIONAL STANDARD BOOK NUMBER | |
| International Standard Book Number | 9861980989 |
| 041 ## - LANGUAGE CODE | |
| Language code of text/sound track or separate title | chi |
| Language code of original and/or intermediate translations of text | eng |
| 090 ## - LOCALLY ASSIGNED LC-TYPE CALL NUMBER (OCLC); LOCAL CALL NUMBER (OCLC) | |
| Classification number (OCLC) (R) ; Classification number, CALL (RLIN) (NR) | BR121 |
| Local cutter number (OCLC) ; Book number/undivided call number, CALL (RLIN) | C42 |
| -- | 2009 |
| 100 1# - MAIN ENTRY--PERSONAL NAME | |
| Personal name | Chesterton, G. K. |
| Fuller form of name | (Gilbert Keith), |
| Dates associated with a name | 1874-1936. |
| 240 10 - UNIFORM TITLE | |
| Uniform title | Orthodoxy. |
| Language of a work | Chinese |
| 245 10 - TITLE STATEMENT | |
| Title | Hui dao zheng tong |
| 246 10 - VARYING FORM OF TITLE | |
| Title proper/short title | Orthodoxy / |
| -- | Chaisitedun (G.K. Chesterton) zhu ; Zhuang Rouyu yi. |
| 260 ## - PUBLICATION, DISTRIBUTION, ETC. (IMPRINT) | |
| Place of publication, distribution, etc | Taibei : |
| Name of publisher, distributor, etc | Xiao yuan shu fang chu ban she, |
| Date of publication, distribution, etc | c2009. |
| 300 ## - PHYSICAL DESCRIPTION | |
| Extent | 315 p. : |
| Other physical details | ill. ; |
| Dimensions | 23 cm. |
| 500 ## - GENERAL NOTE | |
| General note | Translation of: Orthodoxy. |
| 650 #4 - SUBJECT ADDED ENTRY--TOPICAL TERM | |
| Topical term or geographic name as entry element | Apologetics |
| General subdivision | History |
| Chronological subdivision | 20th century {ch}. |
| 650 #4 - SUBJECT ADDED ENTRY--TOPICAL TERM | |
| Topical term or geographic name as entry element | Christianity |
| General subdivision | Essence, genius, nature {ch}. |
| 951 ## - EQUIVALENCE OR CROSS-REFERENCE-GEOGRAPHIC NAME/AREA NAME [OBSOLETE] [CAN/MARC only] | |
| General subdivision | 00040465 |
| 700 1# - ADDED ENTRY--PERSONAL NAME | |
| Personal name | Zhuang, Rouyu. |
| 951 ## - EQUIVALENCE OR CROSS-REFERENCE-GEOGRAPHIC NAME/AREA NAME [OBSOLETE] [CAN/MARC only] | |
| -- | C-9906 |
| -- | CHBR121/C42/2009 |
| -- | 100902140508218 |
| -- | 2000-12-21 |
| -- | CH |
| 942 00 - ADDED ENTRY ELEMENTS (KOHA) | |
| Koha issues (borrowed), all copies | 2 |
| Withdrawn status | Lost status | Damaged status | Not for loan | Home library | Current library | Shelving location | Date acquired | Accession number | Shelving control number | Total Checkouts | Full call number | Barcode | Date last seen | Date last borrowed | Price effective from | Koha item type |
|---|---|---|---|---|---|---|---|---|---|---|---|---|---|---|---|---|
| BSOP Library | BSOP Library | Chinese Books (General Circulation) | 12/21/2000 | C-9906 | 127 | 2 | CHBR121/C42/2009 | 00040465 | 01/03/2019 | 12/17/2018 | 02/23/2013 | Books |
